Digital Video and HDTV : Algorithms and Interfaces
Gespeichert in:
| 1. Verfasser: | |
|---|---|
| Format: | Buch |
| Sprache: | Englisch |
| Veröffentlicht: |
San Francisco :
Morgan Kaufmann Publishers,
2007
|
| Schlagworte: | |
| Tags: |
Keine Tags, Fügen Sie das erste Tag hinzu!
|
MARC
| LEADER | 00000nam a22000003a 4500 | ||
|---|---|---|---|
| 001 | stu181170 | ||
| 005 | 20150617225610.1 | ||
| 008 | 090309s1986----xxu-----------------eng-d | ||
| 020 | |a 978-1-55860-792-7 | ||
| 040 | |a STU |b slo | ||
| 041 | 0 | |a eng | |
| 044 | |a xxu | ||
| 080 | |a 681.135.2 | ||
| 080 | |a 621.397.45 | ||
| 080 | |a 621.397.13 | ||
| 100 | 1 | |a Poynton, Charles |4 aut | |
| 245 | 1 | |a Digital Video and HDTV : |b Algorithms and Interfaces | |
| 260 | |a San Francisco : |b Morgan Kaufmann Publishers, |c 2007 | ||
| 300 | |a 692 s | ||
| 650 | 7 | |a digitálne video |2 stusub | |
| 650 | 7 | |a Televízia |2 stusub | |
| 996 | |b 284EK87932 |c E*87932 |l EE30 |s P |a 0 |w stu181170_0001 | ||